Planning's trojan horse (Record no. 72502)

MARC details
000 -LEADER
fixed length control field 01418cam a2200253 4500
001 - CONTROL NUMBER
control field ABS66625
008 - FIXED-LENGTH DATA ELEMENTS--GENERAL INFORMATION
fixed length control field 030415n2003 000 0 eng u
035 ## - SYSTEM CONTROL NUMBER
System control number (Sirsi) u121999
100 ## - MAIN ENTRY--PERSONAL NAME
Personal name Edwards, M.
245 ## - TITLE STATEMENT
Title Planning's trojan horse
260 ## - PUBLICATION, DISTRIBUTION, ETC.
Date of publication, distribution, etc. 2003
490 ## - SERIES STATEMENT
Series statement Estates Gazette
Volume/sequential designation (0315) 12 April 2003, 135(1)
520 ## - SUMMARY, ETC.
Summary, etc. Examines the case "Smith v SoS Environment" ([2003] EWCA Civ 262) which concerned a proposed development at a quarry and the issue of environmental impact. Planning permission to vary two conditions of existing permission was granted by the inspector subject to conditions which required the local planning authority (LPA) to approve schemes for landscaping and dust suppression. An appeal by S failed on the issue of the construction of the conditions but the judge made several important observations on how LPAs deal with proposed developments. He emphasised that fuller debate is needed on who should determine matters reserved by an inspector and that it is wrong to try to bind an LPA to act reasonably when it is not party to the undertaking.
590 ## - LOCAL NOTE (RLIN)
Local note ABS
650 ## - SUBJECT ADDED ENTRY--TOPICAL TERM
Topical term or geographic name entry element SMITH V SOS ENVIRONMENT
650 ## - SUBJECT ADDED ENTRY--TOPICAL TERM
Topical term or geographic name entry element ENVIRONMENTAL IMPACT ASSESSMENTS
650 ## - SUBJECT ADDED ENTRY--TOPICAL TERM
Topical term or geographic name entry element QUARRIES
650 ## - SUBJECT ADDED ENTRY--TOPICAL TERM
Topical term or geographic name entry element RESERVED MATTERS
650 ## - SUBJECT ADDED ENTRY--TOPICAL TERM
Topical term or geographic name entry element LOCAL PLANNING AUTHORITIES
650 ## - SUBJECT ADDED ENTRY--TOPICAL TERM
Topical term or geographic name entry element PLANNING CONDITIONS
690 ## - LOCAL SUBJECT ADDED ENTRY--TOPICAL TERM (OCLC, RLIN)
Topical term or geographic name as entry element Planning and development
9 (RLIN) 6259
700 ## - ADDED ENTRY--PERSONAL NAME
Personal name Martin, J.
942 ## - ADDED ENTRY ELEMENTS (KOHA)
Suppress in OPAC 0
Holdings
Withdrawn status Lost status Source of classification or shelving scheme Damaged status Not for loan Home library Current library Shelving location Date acquired Total Checkouts Full call number Barcode Date last seen Copy number Price effective from Koha item type
    Dewey Decimal Classification     London London Journal article 15/04/2003   ABS66625 121999-1001 06/08/2019 1 06/08/2019 Journal article